Obras de Cayo Julio César : Guerra civil /
Збережено в:
| Автор: | |
|---|---|
| Формат: | Книга |
| Мова: | Іспанська |
| Опубліковано: |
México :
UNAM, Instituto de Investigaciones Filológicas, Centro de Estudios Clásicos,
1981, c1981
|
| Серія: | (Bibliotheca Scriptorum Graecorum et Romanorum Mexicana)
|
| Предмети: | |
| Теги: |
Немає тегів, Будьте першим, хто поставить тег для цього запису!
|
MARC
| LEADER | 00000nam^a2200000^a^4500 | ||
|---|---|---|---|
| 001 | 000182897 | ||
| 005 | 20250521000000.0 | ||
| 009 | 20260310102024.164 | ||
| 020 | |a 968-58-0010-3 | ||
| 037 | |a Acervo ITESO - Biblioteca | ||
| 041 | |a ESP | ||
| 082 | |a 945. 0125 |b CES | ||
| 100 | |a César, Cayo Julio |e (autor) | ||
| 240 | 1 | 1 | |a [Guerra civil] |
| 240 | 1 | 1 | |a [De Bello Civile] |
| 240 | 1 | 1 | |a [Comentarios de Julio César] |
| 240 | 1 | 1 | |a [C. Iuli Caesaris Commentariorum] |
| 245 | 1 | 0 | |a Obras de Cayo Julio César : |b Guerra civil / |c C.J. César ; introd., notas y tr. por Rafael Salinas. |
| 264 | 4 | |a México : |b UNAM, Instituto de Investigaciones Filológicas, Centro de Estudios Clásicos, |c 1981, c1981 | |
| 300 | |a CCXXXIX, 173, 173, 9 p. | ||
| 336 | |a texto |b txt |2 rdacontenido | ||
| 337 | |a sin mediación |b n |2 rdamedio | ||
| 338 | |a volumen |b nc |2 rdasoporte | ||
| 440 | 1 | |a (Bibliotheca Scriptorum Graecorum et Romanorum Mexicana) | |
| 500 | |a Traducción de: De Bello Civile | ||
| 545 | 0 | |a Cayo Julio César (Roma, ca. 101 a.C. - 44 a.C.), político, militar y escritor romano. Miembro de una familia de la vieja nobleza romana, recibió una educación esmerada, que perfeccionó en Rodas. Formó con Cneo Pompeyo Magno y Marco Licinio Craso el primer Triunvirato (60 a.C.) y un año más tarde asumió el cargo máximo de cónsul. Como procónsul de las Galias, inició en el 58 a.C. la campaña de conquista de ese territorio, concretada siete años después. Tras vencer a Pompeyo en la Guerra Civil de los años 49-48 a.C., se hizo nombrar dictador, título del que toma posesión vitalicia en el año 44 a.C., cuando fue asesinado a consecuencia de una conspiración. Un hombre de refinada cultura, escribió relevantes obras perdidas y un conjunto de textos conocidos como Comentarios de Julio César. El canon crítico le atribuye generalmente la autoría de los primeros siete libros de la Guerra de las Galias y los tres libros de la Guerra civil, que tuvieron continuación en textos adjudicados al general cesariano Aulo Hircio. El victorioso líder describió acontecimientos de los que fue protagonista y buscó explicar en ambas obras las razones de su comportamiento político y militar. | |
| 546 | |a Edición bilingüe español-latín | ||
| 649 | |a XX | ||
| 650 | |a Jefes de Estado Romanos - |x Memorias | ||
| 650 | |a Políticos Romanos - |x Memorias | ||
| 650 | |a Militares Romanos - |x Memorias | ||
| 650 | |a Memorias Latinas | ||
| 650 | |a Literatura Autobiográfica - |z Roma | ||
| 650 | |a Literatura Epica - |z Roma | ||
| 650 | |a Literatura Latina - |y Siglo I a.C. | ||
| 650 | |a Literatura Clásica - |y Siglo I a.C. | ||
| 650 | |a Roma - |x Historia Militar | ||
| 650 | |a Roma - |x Historia - |y Guerra Civil, 49-48 a.C. - |x Tema Principal | ||
| 650 | |a Roma - |x Historia - |y Consulado, Dictaduras y Triunviratos, 122-31 a.C. | ||
| 650 | |a Roma - |x Historia - |y Contienda Civil, 146-31 a.C. | ||
| 650 | |a Roma - |x Historia - |y Siglo I a.C. | ||
| 650 | |a Roma - |x Historia - |y República, 509-31 a.C. | ||
| 650 | |a Historia Antigua | ||
| 650 | |a César, Cayo Julio - |x Tema Principal | ||
| 740 | 0 | |a Guerra civil / |c C.J. César ; introd., notas y tr. por Rafael Salinas. | |
| 910 | |a Fondo Armando Suárez Gómez | ||
| 920 | |a Impresos - Libros | ||
| 930 | |a Fondos Especiales | ||
| 905 | |a 111 | ||
| 901 | |a 0700006058 |b IT2 |c ESP |u 20250521 | ||
| 902 | |a https://opac.biblio.iteso.mx/vufind/Record/000182897 | ||